| 000 | 00449nab a2200145Ia 4500 | ||
|---|---|---|---|
| 003 | ES-SlBCS | ||
| 005 | 20210601141915.0 | ||
| 008 | 140529s1986 xxu||||| |||| 00| 0 spa d | ||
| 041 | _aspa | ||
| 100 | 1 |
_aLuban Plozza, Boris _9177104 |
|
| 245 | 0 | 0 |
_aMédico y paciente entre el miedo y la confianza _c Boris Luban Plozza |
| 650 | 0 | 4 |
_aMedicina _914377 |
| 773 | 0 |
_tFolia Humanistica _gvol. 24, nº. 282-283, 1986, págs. 445-453 _wRev1220 |
|
| 942 | _cAR | ||
| 999 |
_c668307 _d668307 |
||